00640nam a2200169 a 450000100100000000500170001000800410002702000150006804000250008310000420010824500820015026000460023230000380027850400320031695201050034899900170045300004406920201002045128.0140515s2002 sp af 000 0 spa d a848945566X aDO-SdBNPbspacBNPHU1 aRegoyos, Darío ded1857-191397206110aDarío de Regoyos 1857-1913 :b6 de noviembre de 2002- 6 de enero de 2003 /. aMadrid :bFundación MAPFRE Vida,c2002. a265 p. :bil., retratos ;c26 cm. aBibliografía : p. 262-265 001050718MOaGRbGRcCTd2014-05-15iLF1l0o p44069-10r2020-06-25w2020-06-25y1ZNo se presta c43558d43558